000 03161fam a2200289 a 4500
005 20260322212004.0
008 data
010 _a 99087407
020 _a1557986444 (alk. paper)
020 _a9781557986443 (alk. paper)
040 _aDLC
_cDLC
_dCtY-M
_dCtY-M
042 _apcc
050 0 0 _aR726.7
_b.H366 2000
096 _aWB 320 H2363 2000
245 0 0 _aHandbook of rehabilitation psychology /
_cedited by Robert G. Frank & Timothy R. Elliott.
250 _a1st ed.
260 _aWashington, DC :
_bAmerican Psychological Association
_cc2000.
300 _axiv, 727 p. :
_bill. ;
_c27 cm.
504 _aIncludes bibliographical references and index.
590 _aClinical Conditions -- Spinal Cord Injury / J. Scott Richards, Donald Kewman, Christopher Pierce -- Limb Amputation / Bruce Rybarczyk, Lynda Szymanski, John J. Nicholas -- Traumatic Brain Injury / Mitchell Rosenthal, Joseph Ricker -- Stroke / Bruce Caplan, Steve Moelter -- Geriatric Issues / Peter A. Lichtenberg, Susan E. MacNeill -- Neuromuscular and Musculoskeletal Disorders in Children / Dennis C. Harper, David B. Peterson -- Brain Injuries / David R. Patterson, Greg R. Ford -- Multiple Sclerosis / Gerald M. Devins, Zachary Shnek -- Chronic Pain / Daniel M. Doleys -- Hearing and Vision Loss / Robert Q. Pollard, Jr., Ilene Miner, Joe Cioffi -- Psychiatric Rehabilitation / Gary R. Bond, Sandra G. Resnick -- Critical Factors in Rehabilitation Psychology -- Functional Status and Quality of Life Measures / Allen Heinemann -- Assessment of Psychopathology and Personality in Persons with Disabilities / Cynthia L. Padnitz, Neil Bockian, Alberto I. Moran -- Evaluating Outcomes Research: Statistical Concerns and Clinical Relevance / Mary J. McAweeney -- Neuropsychological Assessment / Tim Conway, Bruce Crosson -- Forensic Psychological Evaluation in Rehabilitation / Brick Johnstone, Laura H. Schopp, Cheryl L. Shigacki -- Patients with Brain Tumors / Marc W. Haut, Stephen M. Bloomfield, Jody Kashden, Jennifer S. Haut -- Pediatric Neuropsychology / Janet E. Farmer, Laura Muhlenbruck -- Alcohol and Traumatic Disability / Charles H. Bombardier -- Postacute Brain Injury Rehabilitation / James F. Malec, Jennie L. Ponsford -- Neuroimaging and Rehabilitation Outcome / Erin Bigler -- Rehabilitation Based on Behavioral Neuroscience / Edward Taub, Gitendra Uswatte -- Social Interpersonal Issues in Rehabilitation -- Disability and Vocational Behavior / Edna Mora Symanski -- Injury Prevention / Frank A. Fee, Dawn A. Bouman -- Social Support and Adjustment to Disability / Kathleen Chwalisz, Alan Vaux -- Family Caregiving in Chronic Disease and Disability / Richard Shewchuk, Timothy R. Elliott -- Social Psychological Issues in Disabil
650 0 _aClinical health psychology
_vHandbooks, manuals, etc.
650 0 _aMedical rehabilitation
_xPsychological aspects
_vHandbooks, manuals, etc.
700 1 _aFrank, Robert G.,
_d1952-
700 1 _aElliott, Timothy R.
856 4 0 _uhttps://openlibrary.org/works/OL18458260W/Handbook_of_rehabilitation_psychology?edition=handbookofrehabi0000unse_o9d9
_yOnline access from the Open Library.
_zRequires free sign up.
001 data
999 _c43
_d43